000 00456nam a2200169 i 4500
001 76084
003 ES-MaACL
005 20230906172720.0
007 t|
008 040929s1951 fr ||||1| fre d
100 1 _aGreen, Julien.
_959843
245 1 0 _aMoïra
_b: roman /
_cJulien Green.
250 _a[9ª tir.].
260 _aParis :
_bLes Petites-Fils de Plon et Nourit,
_c[1951]
300 _a251 p. ;
_c19 cm.
852 _aES-MaACL
_jD-5781
_bR.31402
999 _c76084
_d76084